000 00671nam a2200229 a 4500
008
049 _aMAIN
090 _aQA276
100 1 _aKozelka, Robert M.
245 1 0 _aElements of statistical inference/
_cby Robert M. Kozelka.
260 _aReading, Mass.,
_bAddison-Wesley Pub. Co.,
_c1961
300 _a150 p.:
_bill.,
_c24 cm.
440 0 _aAddison-Wesley series in statistics.
500 _aIncludes index.
650 0 _aProbabilities.
650 0 _aMathematical statistics.
907 _a.b10047001
_b28-11-03
_c17-04-03
003
005 20230123133219.0
040 _cNUST
942 _cBOOKS
_kQA276
999 _c144697
_d144697